10 mujeres escriben teología

שמור ב:
מידע ביבליוגרפי
מחבר ראשי: Navarro Puerto, Mercedes (autora)
פורמט: ספר
שפה:ספרדית
יצא לאור: Pamplona Verbo Divino 1993
נושאים:
תגים: הוספת תג
אין תגיות, היה/י הראשונ/ה לתייג את הרשומה!

MARC

LEADER 00000nam a2200000 a 4500
001 UCX7539
003 CL-VaPUC
008 931214e19930000SP |||||||||||||||||spa|d
082 0 4 |a 200  |b NAV  |2 21 
100 |a Navarro Puerto, Mercedes  |e autora  |9 596586 
245 1 0 |a 10 mujeres escriben teología 
300 |a 388 p 
942 |c BK 
945 |d 19931214 00:00:00  |a aalvarez 
260 |a Pamplona  |b Verbo Divino  |c 1993 
650 7 |a TEOLOGIA COLECCIONES  |2 CL-VaPUC  |9 324417 
583 |a last modification  |c 20120711 10:58:18  |k Rodrigo Vera 
999 |c 227341  |d 227339 
952 |0 0  |1 0  |4 0  |6 200_000000000000000_NAV_1993  |7 0  |8 F  |9 226292  |a BIBTEO  |b BIBTEO  |d 2019-11-15  |i 2953080  |o 200 NAV 1993  |p 2953080  |r 2025-01-17  |w 2019-11-15  |y BK_F  |k ICR